| 000 | 01225cam a2200253 4500 | ||
|---|---|---|---|
| 001 | ABS63851 | ||
| 008 | 000000n2001 000 0 eng u | ||
| 035 | _a(Sirsi) u112260 | ||
| 100 | _aBrewer, G. | ||
| 245 | _aWhether two adjudicators can rule on overlapping disputes | ||
| 260 | _c2001 | ||
| 490 |
_aContract Journal _v 408(6323) 19 April 2001, 31(1) |
||
| 520 | _aReports on a dispute between Colt International Ltd and its main contractor, Holt Insulation which has implications for two adjudicators ruling on overlapping disputes. It was noted that the second adjudicator will generally consider himself of herself bound by the decision of the first. | ||
| 590 | _aABS | ||
| 650 | _aCOLT INTERNATIONAL LIMITED V HOLT INSULATION LTD | ||
| 650 | _aHOLT INSULATION LTD | ||
| 650 | _aMANAGEMENT-DISPUTE AVOIDANCE, MANAGEMENT AND RESOLUTION-DISPUTE MANAGEMENT AND RESOLUTION-ALTERNATIVE DISPUTE RESOLUTION-ADJUDICATION-ADJUDICATORS | ||
| 650 |
_aDISPUTE RESOLUTION _96236 |
||
| 650 | _aVHE CONSTRUCTION PLC V RBSTB TRUST CO LTD | ||
| 650 | _aSHERWOOD AND CASSON LTD V MACKENZIE ENGINEERING LTD | ||
| 650 | _aFASTRACK CONTRACTORS V MORRISON CONSTRUCTION | ||
| 690 |
_aDispute resolution _96236 |
||
| 942 | _n0 | ||
| 999 |
_c66841 _d66841 |
||